Statistiken für Die größten Städte Deutschlands mit Z

Klicken Sie hier um das Quiz zu spielen!

Allgemein

  • Dieses Quiz wurde 191 mal gespielt
    (139 seit der letzten Aktualisierung)
  • Das Durchschnittsergebnis liegt bei 3 aus 10

Antwortstatistiken

BundeslandStadt% Korrekt
SachsenZwickau
94%
Rheinland-PfalzZweibrücken
70%
Baden-WürttembergZell am Harmersbach
40%
Sachsen-AnhaltZeitz
35%
ThüringenZeulenroda-Triebes
30%
BayernZirndorf
26%
BrandenburgZossen
25%
Mecklenburg-VorpommernZarrentin (am Schaalsee)
12%
NiedersachsenZeven
9%
HessenZwingenberg (Bergstraße)
9%

Verteilung der Resultate

Perzentil nach korrekt beantworteten Fragen

Anzahl Personen mit jedem Resultat

Ihre Resultats-Entwicklung

Sie haben dieses Quiz seit der letzten Aktualisierung nicht gespielt